000 00612nam a2200217 a 4500
005 20240920064458.0
008 041122s1999 mx r 000 0 spa d
020 _a8486475244
035 _aUPN01000136474
049 _aCG
050 4 _aGV1201
_bT7.4 1999
100 1 _aTrigo Aza, Eugenia
245 1 0 _aJuegos motores y creatividad /
_cEugenia trigo Aza ; il. Anxo Fariña Temprano.
250 _a4a ed.
260 _aMadrid :
_bPaidotribo,
_c[1999]
300 _a284 p. _:
_bil.
440 0 _aPedagogías corporales
650 4 _aJuegos
_95342
650 4 _aEducación física
_912884
905 _aLibro
999 _c108625
_d108625